000 00327nam a22001337a 4500
008 170614b xxu||||| |||| 00| 0 eng d
020 _a0913530263
041 _aeng
080 _a32
100 _a19
101 _aSHP
245 _aPOLITICAL BEHAVIOR METAPHORS AND MODELS OF AMERICAN POLITICS
_cGIANOS,PH.L
942 _2udc
_cBK
999 _c17252
_d17252